000 00382nam a2200157Ia 4500
005 20241129014409.0
008 240331s9999 xx 000 0 und d
020 _a9780195796391
082 _bRIA
_a891
100 _aRiaz, Fahmida
245 0 _aGodavari
_bA Novel
260 _aKarachi
_bOxford University Press
_c2008
300 _aXXIV, 110 p .,
500 _aA Novel
942 _cL
999 _c5853
_d5853